000 00650nam a2200193Ia 4500
003 GCL
008 140319s9999 xx 000 0 ara d
040 _aGCL /
_cGCL
082 0 4 _aق
_b726
_bع م
100 1 _aعبدالرحيم غالب
245 1 0 _aموسوعة العمارة الاسلامية :
_bعربى- فرنسى -انكليزى /
_cعبدالرحيم غالب
260 _aبيروت :
_bجروس برس ،
_c1988
300 _aمتعدد:
_bايض ؛
_c24 سم
490 _a
650 0 4 _aالعمارة الاسلامية
650 0 4 _aالاثار الاسلامية
650 0 4 _aالفن الاسلامى
942 _2ddc
_cBK
999 _c52383
_d52383